Countries With The Most WW1 Deaths - Statistics

General Stats
  • This quiz has been taken 308 times
    270 since last reset
  • The average score is 15 of 18
Answer Stats
Hint Answer % Correct
117,000 United States Of America
100%
2,737,000 German Empire
98%
2,754,369 Russian Empire
98%
1,350,000 United Kingdom Of Great Gritain And Ireland
98%
1,927,000 France
96%
1,860,000 Austro-Hungarian Empire
94%
1,160,000 Italy
92%
2,325,000 Turkey (Ottoman Empire)
89%
525,000 Serbia
87%
88,000 Belgium
83%
1000 Japan
82%
388,000 Bulgaria
81%
550,000 Romania
79%
25,000 Greece
76%
61,966 Australia
70%
7000 Portugal
65%
18,052 New Zealand
60%
13,000 Montenegro
53%
No matching quizzes found
Score Distribution
Percent of People with Each Score
Percentile by Number Answered
Your Score History
You have not taken this quiz since the last reset